Handbook of tropical soil management (Record no. 9786)

000 -LEADER
fixed length control field 00251nam a22001217a 4500
040 ## - CATALOGING SOURCE
Transcribing agency SY
082 ## - DEWEY DECIMAL CLASSIFICATION NUMBER
Classification number 631
100 ## - MAIN ENTRY--AUTHOR NAME
Personal name KENICHI KAKUDOH
245 ## - TITLE STATEMENT
Title Handbook of tropical soil management
260 ## - PUBLICATION, DISTRIBUTION, ETC. (IMPRINT)
Place of publication AICAF
Name of publisher KEN
Year of publication 2003
300 ## - PHYSICAL DESCRIPTION
Number of Pages 153p.
942 ## - ADDED ENTRY ELEMENTS (KOHA)
Koha item type សៀវភៅភាសាអង់គ្លេស
952 ## - LOCATION AND ITEM INFORMATION (KOHA)
Withdrawn status [LOCAL, KOHA] 0
Holdings
Permanent Location Date acquired Koha item type Lost status Shelving location Barcode Current Location Full call number
Library Block C2016-09-12សៀវភៅភាសាអង់គ្លេស C241RUA045516Library Block C631 KEN 2003 C241
មជ្ឈមណ្ឌលឯការនៃសាកលវិទ្យាល័យភូមិន្ទកសិកម្មចំការដូង

Powered by Koha